The Sport of Cricket (Just Barely) Quiz Stats

 Plays Quiz not verified by Sporcle

Support Sporcle.
Go Orange.
Score 0/15 Timer 05:00
0 Plays Today
Question Answer Wrong Answers
Cricket and baseball both involve hitting a ball with a bat. What is used to hit the ball in tennis? Racket
94.7%
Bat
3.2%
Bare Hand
0.7%
Paddle
1.4%
The only pitch in cricket is the playing surface. Which game uses a pitcher? Baseball
93.6%
Football
1.1%
Basketball
3.1%
Tennis
1.5%
Helmets are often worn when playing cricket. On which body part are helmets worn? Head
91%
Hand
1.4%
Foot
0.5%
Knee
0.7%
Cricket is the most popular sport in India. Cricket's popularity stems from India being a part of which empire? British
90.3%
Russian
1%
Ottoman
2.5%
Mongol
2.8%
Cricket originated in England. Of which country is England a constituent country? United Kingdom
90.1%
United States
1.4%
Grand Fenwick
0.8%
Ireland
2.5%
Which sport uses a round ball, just as cricket does? Bowling
87.1%
Badminton
2.1%
Ice Hockey
3.4%
Rugby
1.5%
Cricket's governing body is the International Cricket Council (ICC). Which is the governing body of the Olympic Games? International Olympic Committee (IOC)
84.9%
Sports Council of Greece (SCG)
1.2%
Olympic Games Association (OGA)
4.7%
International Sports Standards Agency (ISSA)
2.2%
Jiminy Cricket is the Walt Disney version of the Talking Cricket in which film? Pinocchio
83%
Aladdin
4.8%
The Lion King
4.7%
Cinderella
5.6%
A cricket's hind legs have enlarged femora. Which does this feature help crickets do? Jump
80.9%
Fly
7.7%
Eat
2.5%
Swim
2.2%
Test cricket is the form of the sport of cricket with the longest match duration, and is considered the game's highest standard. Which is not a synonym for the word test? Conclusion
79.9%
Examination
5.7%
Quiz
4.2%
Evaluation
3.1%
Cricket is played on a large pitch at times in a large stadium. Which country is the largest by land area? Russia
79.5%
China
7.7%
Vatican City
1%
Canada
9%
To which class do crickets belong? Insecta
75.3%
Arachnida
8.8%
Crustacea
7.7%
2020 Graduating Class
2.1%
What causes crickets to chirp? Scraping limbs together
74.8%
A small computer
1.1%
Vocalization
11.6%
They don't chirp it is just an illusion
8.4%
Watson and Crick are noted for discovering it. The DNA double helix
72.8%
The sport of cricket
8.4%
The migration pattern of crickets
5.6%
Sporcle
7.5%
Cricket is not represented in the big 4 U.S. sports leagues. Which is the oldest U.S. big 4 sports league governing body? MLB
56.4%
NBA
15.9%
NHL
6.1%
NFL
17.1%

You're not logged in!

Compare scores with friends on all Sporcle quizzes.
OR
Log In

From the Vault

Cartoon Character Color Quiz

by MSUKent

When you wear the same outfit every day, it's not too difficult to remember what color it is.
Remove Ads.
Support Sporcle.
Get the best of Sporcle when you Go Orange. This ad-free experience offers more features, more stats, and more fun while also helping to support Sporcle. Thank you for becoming a member.

Show Comments

Extras

Top Quizzes Today


Score Distribution

Your Account Isn't Verified!

In order to create a playlist on Sporcle, you need to verify the email address you used during registration. Go to your Sporcle Settings to finish the process.

Report this User

Report this user for behavior that violates our Community Guidelines.

Details: